=LDR 00000nam 2200000 4500 =001 INLIS000000000003766 =005 20130612092052 =008 ***********************************Ind** =035 ##$$0010-061300000003766 =041 ##$$a Ind =082 ##$$a 610.03 =090 ##$$a 610.03, Pen =245 ##$$a Penuntun populer bahasa kedokteran =260 ##$$a 1984 $b Bandung =300 ##$$a 373 hlm., 21 cm =650 ##$$a Kedokteran =650 ##$$a Kamus istilah =700 ##$$a Brace, Edward R =850 ##$$a NBPNMAT